This new life. (Record no. 12579)

000 -LEADER
fixed length control field 00627nam a2200193 a 4500
001 - CONTROL NUMBER
control field :::00010386$&:&@@
003 - CONTROL NUMBER IDENTIFIER
control field OkBaRHE
005 - DATE AND TIME OF LATEST TRANSACTION
control field 20000607103358.0
008 - FIXED-LENGTH DATA ELEMENTS--GENERAL INFORMATION
fixed length control field j 000 0 eng u
040 ## - CATALOGING SOURCE
Transcribing agency
100 1# - MAIN ENTRY--PERSONAL NAME
Personal name Daugherty, Billy Joe.
245 10 - TITLE STATEMENT
Title This new life.
260 ## - PUBLICATION, DISTRIBUTION, ETC. (IMPRINT)
Place of publication, distribution, etc Tulsa, OK., :
Name of publisher, distributor, etc Daugherty Ministries, Inc.
Date of publication, distribution, etc nd
300 ## - PHYSICAL DESCRIPTION
Extent 37 p. ;
Dimensions 21 cm.
650 ## - SUBJECT ADDED ENTRY--TOPICAL TERM
Topical term or geographic name as entry element Christian Life
942 ## - ADDED ENTRY ELEMENTS (KOHA)
Source of classification or shelving scheme
Koha item type Books
Copies
Full call number Damaged status Source of classification or shelving scheme Withdrawn status Not for loan Permanent Location Lost status Price effective from Shelving location Date last seen Date acquired Koha item type Barcode Copy number
BV 4501 .D3    RHEMA Bible Training College 2010-04-14General Stacks2010-04-142010-04-14Books103861
BV 4501 .D3    RHEMA Bible Training College 2010-04-14General Stacks2010-04-142010-04-14Books153192